Historia de la Diputación Provincial de Lérida / José Lladonosa Pujol
Descripción Física:
2 v. : 501 i 549 p. : il. ; 27 cm
MARC
| LEADER | 00000nam a2200000Ia 4500 | ||
|---|---|---|---|
| 001 | 7958, 7959 | ||
| 008 | 160829s1974 xx 000 0 cat d | ||
| 080 | |a M-1-218, M-1-219 | ||
| 100 | |a Lladonosa i Pujol, Josep |9 24976 | ||
| 245 | |a Historia de la Diputación Provincial de Lérida / José Lladonosa Pujol | ||
| 260 | |a Lleida : |b Diputación Provincial, |c 1974 | ||
| 300 | |a 2 v. : |b 501 i 549 p. : |b il. ; |c 27 cm | ||
| 610 | 1 | 0 | |a Lleida (Catalunya : Província). |b Diputació |x Història |9 56090 |
| 901 | |a Arxiu | ||
| 942 | |n 1 | ||
| 952 | |0 0 |1 0 |4 0 |6 M1218_M1219 |7 1 |9 43397 |a Arxiu |b Arxiu |d 2016-12-01 |l 0 |o M-1-218, M-1-219 |p 7958, 7959 |r 2016-12-01 00:00:00 |w 2016-12-01 |y ARXIU | ||
| 999 | |c 45943 |d 45943 | ||